[Event "Arne Henriksen mem"]
[Site "Denmark"]
[Date "2000.??.??"]
[Round "?"]
[White "Bohak, Janko"]
[Black "Sogaard, Ove"]
[Result "1/2-1/2"]
[WhiteElo "2398"]
[BlackElo "2465"]
[PlyCount "56"]
[EventDate "2000.05.14"]
[EventType "tourn (corr)"]
[EventRounds "14"]
[EventCountry "DEN"]
[EventCategory "7"]
[SourceTitle "Corr 2002"]
[Source "ChessBase"]
[SourceDate "2002.05.23"]
[SourceVersion "1"]
[SourceVersionDate "2002.05.23"]
[SourceQuality "1"]

1. e4 c5 2. Nc3 Nc6 3. g3 g6 4. Bg2 Bg7 5. d3 d6 6. f4 e6 7. Nf3 Nge7 8. 0-0 0-0 9. Be3 Nd4 10. e5 Bd7 11. Ne4 Nef5 12. Bf2 Nxf3+ 13. Qxf3 Bc6 14. c3 Rc8 15. exd6 Nxd6 16. Qe2 b6 17. Rad1 Qc7 18. Rfe1 Rfd8 19. Rd2 Rd7 20. Red1 Rcd8 21. h3 Qb7 22. Be3 Nf5 23. Bf2 Ne7 24. a3 h6 25. g4 Nd5 26. Bg3 Nf6 27. Be1 Nd5 28. Bg3 Nf6 1/2-1/2

[Event "Arne Henriksen mem"]
[Site "Denmark"]
[Date "2000.??.??"]
[Round "?"]
[White "Soederberg, Kaj W"]
[Black "Sogaard, Ove"]
[Result "1/2-1/2"]
[WhiteElo "2434"]
[BlackElo "2465"]
[PlyCount "66"]
[EventDate "2000.05.14"]
[EventType "tourn (corr)"]
[EventRounds "14"]
[EventCountry "DEN"]
[EventCategory "7"]
[SourceTitle "Corr 2002"]
[Source "ChessBase"]
[SourceDate "2002.05.23"]
[SourceVersion "1"]
[SourceVersionDate "2002.05.23"]
[SourceQuality "1"]

1. f4 d5 2. Nf3 g6 3. g3 Bg7 4. Bg2 c5 5. 0-0 Nc6 6. d3 Nf6 7. c3 0-0 8. Qe1 b6 9. h3 Qc7 10. Na3 Ba6 11. g4 e6 12. Qh4 Rae8 13. Rf2 Qd6 14. Bd2 Nd7 15. f5 Nce5 16. Raf1 Nxf3+ 17. Bxf3 Be5 18. Kg2 Bg7 19. Bh6 Qe7 20. Qxe7 Rxe7 21. Bxg7 Kxg7 22. Kg3 g5 23. Bh1 Nf6 24. h4 h6 25. fxe6 Rxe6 26. Rf5 gxh4+ 27. Kxh4 Rxe2 28. Rxf6 Rh2+ 29. Kg3 Rxh1 30. Rxh1 Kxf6 31. Rxh6+ Ke5 32. Rh5+ f5 33. c4 dxc4 1/2-1/2

[Event "Arne Henriksen mem"]
[Site "Denmark"]
[Date "2000.??.??"]
[Round "?"]
[White "Sogaard, Ove"]
[Black "Andresen, Tarald"]
[Result "1-0"]
[WhiteElo "2465"]
[BlackElo "2417"]
[PlyCount "51"]
[EventDate "2000.05.14"]
[EventType "tourn (corr)"]
[EventRounds "14"]
[EventCountry "DEN"]
[EventCategory "7"]
[SourceTitle "Corr 2002"]
[Source "ChessBase"]
[SourceDate "2002.05.23"]
[SourceVersion "1"]
[SourceVersionDate "2002.05.23"]
[SourceQuality "1"]

1. d4 Nf6 2. c4 g6 3. Nc3 d5 4. cxd5 Nxd5 5. e4 Nxc3 6. bxc3 Bg7 7. Nf3 c5 8. Rb1 0-0 9. Be2 cxd4 10. cxd4 Qa5+ 11. Bd2 Qxa2 12. 0-0 b6 13. Qc1 Qe6 14. Bc4 Qxe4 15. Re1 Qb7 16. Bb4 Bf6 17. Rxe7 Bxe7 18. Qh6 Bxb4 19. Ng5 Rd8 20. Rxb4 Rd5 21. Qxh7+ Kf8 22. h4 Rxg5 23. hxg5 Nc6 24. Qh8+ Ke7 25. Qf6+ Kd7 26. d5 1-0

[Event "Rusakov Memorial corr"]
[Site "Russia corr"]
[Date "1999.??.??"]
[Round "?"]
[White "Lucchini, Gianfelice"]
[Black "Sogaard, Ove"]
[Result "0-1"]
[WhiteElo "2399"]
[BlackElo "2480"]
[PlyCount "60"]
[EventDate "1999.??.??"]
[EventType "tourn (corr)"]
[EventRounds "14"]
[EventCountry "RUS"]
[EventCategory "5"]
[SourceTitle "Corr 2002"]
[Source "ChessBase"]
[SourceDate "2002.05.23"]
[SourceVersion "1"]
[SourceVersionDate "2002.05.23"]
[SourceQuality "1"]

1. e4 c5 2. Nf3 d6 3. d4 cxd4 4. Nxd4 Nf6 5. f3 e6 6. Nc3 Be7 7. Be3 Nc6 8. Qd2 0-0 9. g4 d5 10. g5 Nxd4 11. Bxd4 Nd7 12. f4 e5 13. Bf2 dxe4 14. Nxe4 exf4 15. Qxf4 Qa5+ 16. Qd2 Qxd2+ 17. Kxd2 Ne5 18. Bg2 Bf5 19. Rhg1 Nc4+ 20. Kc1 Rfd8 21. h4 Rac8 22. Bxa7 b6 23. Re1 Rd7 24. Bxb6 Nxb6 25. a4 h6 26. a5 Nc4 27. a6 hxg5 28. h5 g4 29. Ra4 Ra7 30. b3 Bxe4 0-1

[Event "Rusakov Memorial corr"]
[Site "Russia corr"]
[Date "1999.??.??"]
[Round "?"]
[White "Sogaard, Ove"]
[Black "Smithers, Steven A"]
[Result "1/2-1/2"]
[WhiteElo "2480"]
[BlackElo "2458"]
[PlyCount "53"]
[EventDate "1999.??.??"]
[EventType "tourn (corr)"]
[EventRounds "14"]
[EventCountry "RUS"]
[EventCategory "5"]
[SourceTitle "Corr 2002"]
[Source "ChessBase"]
[SourceDate "2002.05.23"]
[SourceVersion "1"]
[SourceVersionDate "2002.05.23"]
[SourceQuality "1"]

1. e4 c5 2. Nf3 e6 3. d4 cxd4 4. Nxd4 Qb6 5. Nb3 Qc7 6. c4 Nf6 7. Nc3 Bb4 8. Bd2 a6 9. Qc2 0-0 10. Bd3 b6 11. a3 Be7 12. f4 d6 13. 0-0 Nbd7 14. Kh1 Bb7 15. Rae1 Rac8 16. Qd1 Rfd8 17. Qe2 Nc5 18. Nxc5 dxc5 19. Rd1 g6 20. Be3 Rd7 21. Bc2 Rcd8 22. Kg1 Rxd1 23. Rxd1 Rxd1+ 24. Qxd1 Ne8 25. e5 f5 26. Ba4 Kf7 27. Qd7 1/2-1/2

[Event "Rusakov Memorial corr"]
[Site "Russia corr"]
[Date "1999.??.??"]
[Round "?"]
[White "Sogaard, Ove"]
[Black "Van Wieringen, Cornelius A"]
[Result "1/2-1/2"]
[WhiteElo "2480"]
[BlackElo "2457"]
[PlyCount "72"]
[EventDate "1999.??.??"]
[EventType "tourn (corr)"]
[EventRounds "14"]
[EventCountry "RUS"]
[EventCategory "5"]
[SourceTitle "Corr 2002"]
[Source "ChessBase"]
[SourceDate "2002.05.23"]
[SourceVersion "1"]
[SourceVersionDate "2002.05.23"]
[SourceQuality "1"]

1. e4 e5 2. Nf3 Nc6 3. Bb5 a6 4. Ba4 Nf6 5. 0-0 Nxe4 6. d4 b5 7. Bb3 d5 8. dxe5 Be6 9. c3 Bc5 10. Nbd2 0-0 11. Bc2 Nxf2 12. Rxf2 f6 13. exf6 Bxf2+ 14. Kxf2 Qxf6 15. Nf1 Ne5 16. Be3 Rae8 17. Bc5 Nxf3 18. gxf3 Rf7 19. Ng3 Bg4 20. Kg1 Qxf3 21. Qxf3 Rxf3 22. a4 Rf6 23. Rf1 Rxf1+ 24. Kxf1 Re6 25. axb5 axb5 26. Bd3 c6 27. Be2 Bxe2+ 28. Nxe2 Rf6+ 29. Kg2 Kf7 30. Nd4 Ke8 31. h4 Kd7 32. Nf3 Re6 33. Kf2 Re4 34. h5 Re6 35. Be3 Kc7 36. b4 Kd7 1/2-1/2